=LDR 00000nam 2200000 4500 =001 NUTBA000000000005210 =005 20141024105050.0 =006 =007 =008 =020 ##$$a 978-602-828-24-7 =035 ##$$a 0010-101400000000440 =040 ##$$a NBPDMAT =082 ##$$a 551.48 =090 ##$$a 551.48 $b Air a =245 ##$$a Air / $c Gerry Nugraha { et al } ; editor, Ina Parawita Sari =260 ##$$a Jakarta : $b Azka Press, $c 2008 =300 ##$$a vi, $b 50 hlm. : $b ilus. ; $c 24 cm. =650 ##$$a Air =700 ##$$a Gerry Nugraha =850 ##$$a NBPDMAT